000 00354nam a2200145Ia 4500
008 230917s9999||||xx |||||||||||||| ||und||
040 _e155429
_aMAIN
041 _aEnglish
082 _a947.084 H627C:S
100 _aCaro, E H
245 0 _aSocialism in one country 1924-1926
260 _aLondon
_bMacMillan
_c1959
300 _a493 p.
942 _cBK
999 _c194451
_d194451